Normal view
MARC view
- Chang,C. Janie / Ingraham,Laura R
Entry Personal Name
001 - CONTROL NUMBER
- control field: 443
003 - CONTROL NUMBER IDENTIFIER
- control field: JO-AjAnu
005 - DATE AND TIME OF LATEST TRANSACTION
- control field: 20230606070358.0
008 - FIXED-LENGTH DATA ELEMENTS
- fixed length control field: 230606|| aca||aabn | a|a d
040 ## - CATALOGING SOURCE
- Original cataloging agency: JO-AjAnu
- Transcribing agency: JO-AjAnu
100 ## - HEADING--PERSONAL NAME
- Personal name: Chang,C. Janie / Ingraham,Laura R
670 ## - SOURCE DATA FOUND
- Source citation: Work cat.: (JO-AjAnu)236: Chang,C. Janie / Ingraham,Laura R, author, Modeling and Designing Accounting Systems Using Access to Build Database